Tizenkát szék /

Hlavní autor: Il'f, Il'ja Arnol'dovič, 1897-1937
Další autoři: Petrov, Jevgenij Petrovič, 1903-1942
Jazyk: Maďarština
Vydáno: Bratislava : Slovenské vydavateľstvo krásnej literatúry, 1963
Fyzický popis: 367 s.
Knihy
Uloženo v:
LEADER 00788nam a22002292a 4500
001 000956333
003 CZ BrMZK
005 20091112094719.0
007 ta
008 090717s1963 xo er|||||||||||hun d
040 |a BOA001  |b cze 
041 1 |a hun  |h rus 
100 1 |a Il'f, Il'ja Arnol'dovič,  |d 1897-1937  |7 jn19981001519  |4 aut 
245 1 0 |a Tizenkát szék /  |c Il'ja Arnol'dovič Al'f, Petrov ; fordította Gellért Hugo 
260 |a Bratislava :  |b Slovenské vydavateľstvo krásnej literatúry,  |c 1963 
300 |a 367 s. 
500 |a Přeloženo z ruštiny 
700 1 |a Petrov, Jevgenij Petrovič,  |d 1903-1942  |7 jn20000710470 
910 |a BOA001  |b 1-0490.944 
990 |a BK 
991 |b 200907 
996 7 |b 2619444826  |c 1-0490.944  |l MZK  |r Sklad / do 1 hodiny  |n 0  |w 001088454  |u 000010  |a 1  |e BOA001  |j MZK50  |s A